1965 1827 1672 1740 1451 1588 1529 1559 1138 1252 1212 1809 1470 1195 1162 1088 1802 1013 1269 1181 1280 1213 1565 1357 1967 1295 1010 1600 1994 1064 1875 1282 1067 1150 1048 1055 1100 1138 1041 1368 1104 1187 1767 1594 1582 1917 1811 1133 1494 1214 1615 1871 1539 1380 1505 1589 1411 1723 1562 1939 1976 1601 1054 1664 1017 1090 1147 1347 1971 1267 1476 1084 1632 1064 1124 1337 1860 1887 1672 1462 1429 1321 1514 1263 1397 1961 1386 1759 1852 1211 1828 1075 1487 1600 1513 1848 1615 1518 1839 BCNSPRNW ULIB Ver.6.0+V

เปลี่ยนเป็นภาษาไทย

Change to English
 แสดงรายละเอียดบรรณานุกรม
  กลับหน้าหลัก

Brief Record : Get Marc (ISO 2709) : E-mail record : QR code < ปิดหน้าต่าง
LEADER : 00000nam 2200000uu 4500
001    13399122375
003     ULIB
008    130228s||||||||th 000 0 tha d
060  4 ^aWY150^bน511อ
100 0  ^aนำพิชญ์ ธรรมหิเวศน์
110 1  ^aกระทรวงสาธารณสุข สถาบันพระบรมราชชนก.^bวิทยาลัยพยาบาลบรมราชชนนี สงขลา
245 00 ^aเอกสารประกอบการสอน วิชาการพยาบาลผู้ใหญ่และผู้สูงอายุ หลักสูตรประกาศนียบัตรพยาบาลศาสตร์^cนำพิชญ์ ธรรมหิเวศน์
246 0  ^aวิชาการพยาบาลผู้ใหญ่และผู้สูงอายุ
260    ^aสงขลา:^bวิทยาลัยพยาบาลบรมราชชนนี นราธิวาส,^cม.ป.ป.
300    ^a155 หน้า:^bภาพประกอบ
650  7 ^aการพยาบาลผู้ใหญ่
650  7 ^aการพยาบาลผู้สูงอายุ
945    ^p0^l0^i033620
999    ^aเกษร โพธิ์สุวรรณ
รายการนี้ยังไม่มีแท็ก
คุณยังไม่ได้ล็อกอิน คุณสามารถมีกิจกรรมร่วมกับเว็บไซต์ได้ แต่ต้องล็อกอินก่อน ::
  ล็อกอิน

รายการสื่อสารสนเทศ

ลำดับที่ ประเภท เลขเรียก/บาร์โค้ด สถานที่ สถานะ
1. วิทยาศาสตร์การแพทย์ และสุขภาพ
หนังสือสำรอง
สถานะ=หนังสือสำรอง
WY150 น511อ ฉ.1 
  Barcode: 033620
ห้องสมุดวิทยาเขตสวรรค์ประชารักษ์
►หนังสือทั่วไป
บนชั้น

รายการใกล้เคียง
    หัวเรื่อง [การพยาบาลผู้ใหญ่]
    หัวเรื่อง [การพยาบาลผู้สูงอายุ]

BibComment


ยังไม่เคยถูกคอมเมนท์

คอมเมนท์ทรัพยากรรายการนี้
  คอมเมนท์: เอกสารประกอบการส..


 Copyright 2026. Bcnsprnw @Library